| 000 | 00702cam a22002297a 4500 | ||
|---|---|---|---|
| 999 |
_c4002 _d4002 |
||
| 001 | 883712 | ||
| 003 | GBCCL | ||
| 005 | 20241126110508.0 | ||
| 008 | 810605s1981 ilu 000 0 eng | ||
| 010 | _a 80052905 | ||
| 020 |
_a0882072609 (pbk.) : _c$3.95 |
||
| 040 |
_aDLC _cDLC _dDLC |
||
| 050 | 0 | 0 | _aMLCS 82/5672 |
| 082 |
_a248.82 _bHEN |
||
| 100 | 1 |
_aHenrichsen, Walter A. _91940 |
|
| 245 | 1 | 0 |
_aHow to disciple your children / _cWalter A. Henrichsen ; [foreword by LeRoy Eims]. |
| 260 |
_aWheaton, Ill. : _bVictor Books, _cc1981. |
||
| 300 |
_a119 p. ; _c21 cm. |
||
| 440 | 2 |
_aA Victor adult elective/13 sessions _9213 |
|
| 906 |
_a7 _bcbc _corignew _d4 _eocip _f19 _gy-gencatlg |
||
| 942 |
_2ddc _cBK _03 |
||